| 000 | 00465nam a2200169Ia 4500 | ||
|---|---|---|---|
| 005 | 20250508160920.0 | ||
| 008 | 008 250505s9999 xx 000 0 eng d | ||
| 037 | _aBooks to be hide in OPAC | ||
| 040 |
_aFEDL _beng _cFEDL |
||
| 041 |
_aeng _2eng |
||
| 084 |
_a370.193 49, BOY/O _qFEDL |
||
| 100 |
_aBoyle Edward _9489207 |
||
| 245 | 0 | _aPolitics of education | |
| 300 | _a207p. | ||
| 942 |
_cHB _h370.193 49, BOY/O |
||
| 999 |
_c1367370 _d1367370 |
||